Mauritius : 2007 Article IV Consultation; Staff Report; Staff Statement; Public Information Notice on the Executive Board Discussion; Statement by the Staff Representatives; and Statement by the Executive Director for Mauritius.

The loss of trade preferences in textiles in 2005, the reform to the European Union's sugar protocol for 2006-10, and higher international oil prices have brought about a permanent deterioration in Mauritius's terms of trade. This 2007 Article IV Consultation highlights that the authoritie...

Ful tanımlama

Detaylı Bibliyografya
Müşterek Yazar: International Monetary Fund
Materyal Türü: Dergi
Dil:English
Baskı/Yayın Bilgisi: Washington, D.C. : International Monetary Fund, 2007.
Seri Bilgileri:IMF Staff Country Reports; Country Report ; No. 2007/192
Online Erişim:Full text available on IMF
LEADER 01808cas a2200241 a 4500
001 AALejournalIMF009349
008 230101c9999 xx r poo 0 0eng d
020 |c 5.00 USD 
020 |z 9781451827842 
022 |a 1934-7685 
040 |a BD-DhAAL  |c BD-DhAAL 
110 2 |a International Monetary Fund. 
245 1 0 |a Mauritius :   |b 2007 Article IV Consultation; Staff Report; Staff Statement; Public Information Notice on the Executive Board Discussion; Statement by the Staff Representatives; and Statement by the Executive Director for Mauritius. 
264 1 |a Washington, D.C. :  |b International Monetary Fund,  |c 2007. 
300 |a 1 online resource (43 pages) 
490 1 |a IMF Staff Country Reports 
500 |a <strong>Off-Campus Access:</strong> No User ID or Password Required 
500 |a <strong>On-Campus Access:</strong> No User ID or Password Required 
506 |a Electronic access restricted to authorized BRAC University faculty, staff and students 
520 3 |a The loss of trade preferences in textiles in 2005, the reform to the European Union's sugar protocol for 2006-10, and higher international oil prices have brought about a permanent deterioration in Mauritius's terms of trade. This 2007 Article IV Consultation highlights that the authorities have initiated broad-based reforms to address recent economic setbacks and to raise growth to levels of the previous two decades. Executive Directors have welcomed the authorities' efforts to tighten monetary policy. This should help to reduce inflation and avoid entrenching inflation expectations. 
538 |a Mode of access: Internet 
830 0 |a IMF Staff Country Reports; Country Report ;  |v No. 2007/192 
856 4 0 |z Full text available on IMF  |u http://elibrary.imf.org/view/journals/002/2007/192/002.2007.issue-192-en.xml  |z IMF e-Library